Laboratorio General de Ensayos y Acondicionamiento
Descripción Física:
112 p. : il. ; 22 cm
Otros Autores:
Escola Industrial de Barcelona
MARC
| LEADER | 00000nam a2200000Ia 4500 | ||
|---|---|---|---|
| 001 | 901 | ||
| 008 | 160829s1929 xx 000 0 cat d | ||
| 080 | |a C-2-130 | ||
| 100 | |a Catalunya. Mancomunitat. Laboratori General d'Assaigs i Condicionament |9 24944 | ||
| 245 | |a Laboratorio General de Ensayos y Acondicionamiento | ||
| 260 | |a Barcelona : |b (Imp. Casa Caridad), |c 1929 | ||
| 300 | |a 112 p. : |b il. ; |c 22 cm | ||
| 590 | |a Abans del títol, Real Politécnico Hispano Americano bajo los auspicios de la Excma. Diputación Provincial de Barcelona. | ||
| 650 | |a Laboratori General d'Assaigs i Condicionament |9 45230 | ||
| 700 | |a Escola Industrial de Barcelona | ||
| 710 | 1 | |a Barcelona (Catalunya : Província). |b Diputació |9 52408 | |
| 710 | 2 | |a Reial Politècnic Hispanoamericà |9 55096 | |
| 901 | |a Arxiu | ||
| 942 | |n 1 | ||
| 952 | |0 0 |1 0 |4 0 |6 C2130 |7 1 |9 47780 |a Arxiu |b Arxiu |d 2016-12-01 |l 0 |o C-2-130 |p 901 |r 2016-12-01 00:00:00 |w 2016-12-01 |y ARXIU | ||
| 999 | |c 51579 |d 51579 | ||